000 01546cam a2200433 4500
001 22043
003 VRT
005 20260318094120.0
008 200316s2018 xo gr 010 fdslo
015 _aSNBA2018/05
020 _a9788056901854
_q(brožované)
035 _aurn:nbn:sk:snk-am00dhvj
035 _aurn:nbn:sk:snk-am3i2t3
035 _aBFB10640-C40C-452E-B87A-8FA8B1344C1E
039 9 _a202003161008
_bVLOAD
_c201805140903
_dmsnk21
_c201804120922
_dmsnk134
_c201803201335
_dmsvkbb03
040 _aSVKBB
_bslo
_cSVKBB
_dSNK
_erda
041 0 _aslo
044 _axo
_cSK
072 7 _a821.162.4-3
_xSlovenská próza
_2konspekt
080 _a821.162.4-31
_22011
100 1 _aManáková, Mirka,
_d1984-
_4aut
245 1 0 _aAraba nemiluj
_cMirka Manáková
250 _a2. vydanie
264 1 _aBratislava
_bMarenčin PT
_c2018
300 _a208 strán
_c21 cm
336 _atext
_btxt
_2rdacontent
337 _abez média
_bn
_2rdamedia
338 _azväzok
_bnc
_2rdacarrier
500 _aObsahuje biografické údaje o autorke na prebale
655 7 _aslovenské romány
_2SNKPH
655 7 _aSlovak fiction
_2SNKPHeng
942 _2ddc
_cKLDO
_n0
949 _6270001000587343
_asvkbbA 153675
_bsvkbbm 775067
949 _62889336699
_asavukPV 25887
_bsavuk2018/1183
949 _617A1329538
_asnkSC 179120
_bsnk2018/8363
_o795/2018
_s6100:20180521
949 _617A1329539
_asnkSC 179120 D1
_bsnk2018/8364
_o795/2018
949 _6273K0636917
_asvkpoA 240175
_bsvkpo630553
999 _c22043
_d22043